000 00567cam a2200169 4500500
005 20251012032531.0
041 _afre
042 _adc
100 1 0 _aCamões, Luís de
_eauthor
700 1 0 _a Garnier, Robert
_eauthor
700 1 0 _a Quint, Anne-Marie
_eauthor
245 0 0 _aOh! Quão caro me custa o entender-te/Oh ! Comme je paie cher pour te comprendre
260 _c2004.
500 _a62
786 0 _nSigila | 14 | 2 | 2004-12-20 | p. 168-169 | 1286-1715
856 4 1 _uhttps://shs.cairn.info/revue-sigila-2004-2-page-168?lang=fr&redirect-ssocas=7080
999 _c1547590
_d1547590